Influential Women in History II - Statistics

General Stats
  • This quiz has been taken 372 times
  • The average score is 10 of 25
Answer Stats
Answer % Correct
The "Iron Lady". Margaret Thatcher
92%
Her defiance sparked the Montgomery Bus Boycott in Alabama. Rosa Parks
90%
Long serving prime minister of India. Indira Gandhi
79%
Daughter of the above. Author of "Frankenstein: or, The Modern Prometheus" Mary Shelley
79%
First lady of America. As head of UN human rights commission she helped to draft the 1948 UN declaration of human rights. Eleanor Roosevelt
77%
Born into slavery in the 19th century America. She escaped and made many missions to rescue enslaved people, using the "Underground Railroad". Harriet Tubman
64%
Her novel Uncle Tom’s Cabin was a bestseller and helped to popularise the anti-slavery campaign. Harriet Beecher Stowe
56%
The first female prime minister of a Muslim country. Benazir Bhutto
51%
One of America’s greatest poets. Her poems were published posthumously and received widespread literary praise for their bold and unconventional style. Emily Dickinson
46%
The interpreter for Lewis and Clark during the U.S. government’s first exploration of the Northwest. Sacagawea
45%
Plato referred to her as one of the great ten poets. Sappho
41%
Duchess who was also queen mother in England and queen consort in France Eleanor of Aquitaine
30%
Known for her pamphlet “A Vindication of the Rights of Women”. Mary Wollstonecraft
26%
Founder of the American Red Cross. Clara Barton
25%
Ruler of Egypt around 1500BC. Hatshepsut
25%
African-American abolitionist and women’s rights campaigner. "Ain't I a woman?" Sojourner Truth
24%
It is said she brought modern dance to the world. Her untimely death was caused by her scarf. Isadora Duncan
19%
She controlled the Qing Dynasty from 1861 to her death in 1908 for 47 years. Dowager Cixi
18%
Mathematician, philosopher, and astronomer of the ancient Alexandria. She was a pagan martyr, torn apart by a mob of Christian monks. Hypatia
14%
The only empress in the history of China. Wu Zetian
14%
Mystic, author and composer in the 11th and 12th century. Her writings and music have influenced people to this day. Hildegard of Bingen
13%
One of the greatest athletes of all time, she won track and field gold medals at the 1932 Olympics, before turning to professional golf and winning 10 LPGA major championships. Babe Didrikson Zaharias
12%
American computer scientist and United States Navy rear admiral. Her work lead to the developement of COBOL programming language. Grace Hopper
7%
The lead software engineer for the Apollo Project. Margaret Hamilton
5%
Her work "Genji Monogatari" is often regarded as the world's first novel. Murasaki Shikibu
5%
No matching quizzes found
Score Distribution
Percent of People with Each Score
Percentile by Number Answered
Your Score History
You have not taken this quiz